SAT Words HARD Click Quiz - S #17 - Daily Word Quiz! - Statistics

General Stats
  • This quiz has been taken 166 times
  • The average score is 10 of 16
Answer Stats
Hint Answer % Correct
Predominantly inactive and given to sitting; or, settled, not migratory Sedentary
88%
Tarnish or soil another's reputation or purity Sully
78%
Splash around noisily in water; or, move violently and loudly; or, swagger, bravado Swash
77%
Promoting good health and well-being Salubrious
75%
Small lines or strokes on the letters of some typefaces Serif
75%
Crumbly topping for baked good made of fat, sugar, and flour Streusel
74%
Chemical weapon that acts as a nerve agent Sarin
73%
Grammatical mood expressing hypothetical actions rather than factual actions Subjunctive
72%
Representation or image that closely resembles the original Simulacrum
68%
Suddenly or abruptly, especially in music; without delay Subito
66%
Characterized by noisy, laboured breathing, resembling snoring Stentorous
63%
Intuitive understanding of language and its nuances; or, the spirit of a language Sprachgefühl
54%
Form or discharge pus; fester Suppurate
54%
A conclusively powerful blow or argument that definitely settles the matter Sockdolager
47%
Slag; waste material from metal smelting and refining Scoria
33%
Soft murmuring or rustling sound, such as the wind Sough
28%
No matching quizzes found
Score Distribution
Percent of People with Each Score
Percentile by Number Answered
Your Score History
You have not taken this quiz